Biggest Crusader Cities with a Map - Statistics

General Stats
  • This quiz has been taken 567 times
  • The average score is 10 of 27
Answers on the Map
Answers color-coded by a green-red scale on the quiz's map according to % correct below.
 
Answer Stats
Population City % Correct
10k Iherusalem (Jerusalem)
99%
4k Barut (Beirut)
84%
2k Iaphe (Tel Aviv-Yafo)
81%
6k Gadres (Gaza City)
79%
40k Antioche (Antakya)
75%
3k Tyr (Tyre)
64%
8k Tripolis (Tripoli)
63%
2k Betleem (Bethlehem)
54%
13k St. Jehan d'Acre (Acre)
54%
24k Edesé (Şanlıurfa)
50%
2k Nazareh (Nazareth)
49%
2k Saiette (Sidon)
45%
6k Laodiceé (Latakia)
37%
5k Castellion St. Abraham (Hebron)
36%
4k Iericho (Jericho)
33%
4k Naples (Nablus)
27%
2k Tibériade (Tiberias)
26%
3k Alexandretta (İskenderun)
24%
2k Tortosa (Tartus)
20%
3k Marach (Kahramanmaraş)
9%
2k St. Jorge de Lidde (Lod)
8%
2k Gibellum (Jableh)
5%
2k Rouad (Arwad)
5%
2k Le Boutron (Batroun)
4%
5k Turbessel (Gündoğan)
3%
3k Montgisard (Gezer)
2%
5k Samosata (Samsat)
2%
No matching quizzes found
Score Distribution
Percent of People with Each Score
Percentile by Number Answered
Your Score History
You have not taken this quiz